000 00556cas a2200181 a 4500
040 _cWAU
082 _a338 CAM 2005 A073 Or.
245 0 0 _aAnnual development review.
246 1 3 _aADR
260 _aPhnom Penh :
_bCambodia Development Resource Institute,
_c2005-
300 _av. :
_bill. ;
_c26 cm.
500 _aTitle from cover.
650 0 _aIndustrialization
650 7 _aEconomic history.
650 7 _aIndustrialization.
710 2 _aVidyāsthān Paṇṭuḥ Paṇṭāl niṅ Srāvjrāv ṭoempī Qabhivaḍḍhn ̊Kambujā.
942 _cEK
999 _c15155
_d15155